MARC

LEADER 00000nam0a2200000 4500
001 102922
005 20231101214444.0
035 |a (RuTPU)RU\TPU\book\110968 
090 |a 102922 
100 |a 20061010d1970 m y0rusy50 ca 
101 0 |a rus 
102 |a RU 
105 |a a j 000zy 
200 1 |a Методика решения задач по физике  |f В. К. Кобушкин 
210 |a Ленинград  |c Изд-во Ленинградского ун-та  |d 1970 
215 |a 248 с.  |c черт. 
606 1 |a Физика  |2 stltpush  |3 (RuTPU)RU\TPU\subj\63709  |9 80688 
610 1 |a задачи 
610 1 |a решение 
610 1 |a механика 
610 1 |a механические колебания 
610 1 |a термодинамика 
675 |a 53(076)  |v 3 
700 1 |a Кобушкин  |b В. К.  |g Виктор Кириллович 
801 1 |a RU  |b 63413507  |c 20061010  |g PSBO 
801 2 |a RU  |b 63413507  |c 20140311  |g PSBO 
942 |c BK